All Spirit Destinations (2023) - Statistics

General Stats
  • This quiz has been taken 148 times
    104 since last reset
  • The average score is 73 of 90
Answer Stats
Country Answer % Correct
Georgia Atlanta
98%
Massachusetts Boston
98%
Texas Dallas (DFW)
98%
Colorado Denver
98%
Texas Houston
98%
California Los Angeles
98%
New York New York (LGA)
98%
Colombia Bogota
97%
Illinois Chicago (O'Hare)
97%
Nevada Las Vegas
97%
Florida Miami
97%
Louisiana New Orleans
97%
Florida Orlando
97%
Arizona Phoenix
97%
Utah Salt Lake City
97%
Costa Rica San Jose
97%
Texas Austin
95%
Ohio Cleveland
95%
Michigan Detroit
95%
Guatemala Guatemala City
95%
Indiana Indianapolis
95%
Minnesota Minneapolis
95%
New Jersey Newark
95%
California San Diego
95%
Washington Seattle / Tacoma
95%
Pennsylvania Philadelphia
94%
Oregon Portland
94%
Texas San Antonio
94%
Puerto Rico San Juan
94%
Florida Tampa
94%
Maryland Baltimore (BWI)
92%
Mexico Cancun
92%
North Carolina Charlotte
92%
Missouri Kansas City
92%
Peru Lima
92%
El Salvador San Salvador
92%
Jamaica Kingston
91%
Pennsylvania Pittsburgh
91%
Dominican Republic Santo Domingo
91%
New Mexico Albuquerque
89%
Tennessee Nashville
89%
North Carolina Raleigh / Durham
89%
Netherlands Aruba
88%
Ohio Columbus
88%
Kentucky Louisville
88%
Haiti Port-au-Prince
88%
Missouri St. Louis
88%
South Carolina Charleston
86%
West Virginia Charleston
86%
Connecticut Hartford
86%
Nevada Reno
86%
California Sacramento
86%
Idaho Boise
84%
Colombia Medellin
84%
Wisconsin Milwaukee
84%
Jamaica Montego Bay
84%
Dominican Republic Punta Cana
84%
Florida Fort Lauderdale
83%
California Oakland
83%
Virginia Richmond
81%
Nicaragua Managua
80%
New York Rochester
80%
Colombia Cali
77%
New Hampshire Manchester
77%
Mexico San Jose del Cabo
75%
Florida Fort Myers
73%
Ecuador Guayaquil
72%
Virginia Norfolk
72%
Florida Pensacola
72%
Colombia Cartagena
70%
South Carolina Myrtle Beach
70%
New Jersey Atlantic City
69%
Netherlands Sint Maarten
69%
Florida West Palm Beach
69%
Dominican Republic Santiago de los Caballeros
66%
Mexico Puerto Vallarta
64%
California Burbank
63%
Mexico Monterrey
63%
Colombia Barranquilla
59%
US Virgin Islands Saint Thomas
59%
Honduras San Pedro Sula
58%
California Santa Ana
58%
US Virgin Islands Saint Croix
53%
Puerto Rico Ponce
45%
Puerto Rico Aguadilla
41%
Haiti Cap-Haitien
36%
Colombia Bucaramanga
31%
Honduras Comayagua
30%
Colombia Armenia
27%
Pennsylvania Latrobe
20%
No matching quizzes found
Score Distribution
Percent of People with Each Score
Percentile by Number Answered
Your Score History
You have not taken this quiz since the last reset